Alle Icons in EAFC 25 - Statistiken

Allgemein
  • Dieses Quiz wurde 280 mal gespielt
  • Das Durchschnittsergebnis liegt bei 55 aus 110
Antwortstatistiken
Raiting Nation Spieler/in % Korrekt
95 Brasilien Pele
99%
94 Brasilien Ronaldo
97%
94 Frankreich Zinedine Zidane
93%
93 Brasilien Ronaldinho
88%
92 Italien Paolo Maldini
85%
93 Niederlande Johan Cruyff
81%
92 Ungarn Ferenc Puskas
80%
92 Russland Lev Yashin
80%
89 Deutschland Philipp Lahm
80%
90 Brasilien Roberto Carlos
75%
89 Kamerun Samuel Eto‘o
75%
92 Deutschland Gerd Müller
74%
90 Deutschland Lothar Matthäus
74%
90 Niederlande Ruud Gullit
74%
93 USA Mia Hamm
72%
88 Deutschland Bastian Schweinsteiger
70%
91 Portugal Eusebio
69%
88 Wales Gareth Bale
68%
89 Elfenbeinküste Didier Drogba
65%
90 Nordirland George Best
64%
91 Niederlande Marco van Basten
63%
90 Brasilien Rivaldo
63%
91 Italien Gianluigi Buffon
62%
88 Deutschland Miroslav Klose
62%
89 Dänemark Peter Schmeichel
62%
86 Schweden Henrik Larsson
61%
91 Frankreich Thierry Henry
61%
90 Spanien Xavi
61%
91 Brasilien Carlos Alberto
60%
86 Mexiko Luis Hernandez
59%
88 Tschechien Peter Cech
59%
88 Rumänien Gheorghe Hagi
58%
87 Spanien Fernando Torres
57%
88 Tschechien Pavel Nedved
57%
92 Deutschland Birgit Prinz
56%
92 England Bobby Charlton
56%
86 Ghana Michael Essien
56%
91 Brasilien Cafu
55%
87 Kroatien Davor Suker
55%
89 Portugal Luis Figo
55%
86 Irland Roy Keane
55%
88 Ukraine Andriy Shevchenko
54%
89 Spanien Carles Puyol
54%
92 Brasilien Garrincha
54%
88 England Wayne Rooney
54%
90 Spanien Casillas
53%
88 Niederlande Edwin van der Sar
53%
89 Bulgarien Hristo Stoichkov
53%
90 Italien Andrea Pirlo
52%
89 Brasilien Kaka
52%
87 Serbien Nemanja Vidic
52%
88 Dänemark Michael Laudrup
51%
91 Japan Homare Sawa
50%
89 Mexiko Hugo Sanchez
50%
88 England Steven Gerrard
49%
91 Brasilien Zico
49%
89 Italien Fabio Cannavaro
48%
88 Frankreich Franck Ribery
48%
89 Argentinien Javier Zanetti
48%
88 England Rio Ferdinand
47%
88 England David Beckham
46%
91 Italien Franco Baresi
46%
87 England Frank Lampard
46%
86 Argentinien Juan Sebastian Veron
46%
89 Schottland Kenny Dalglish
46%
89 Italien Alessandro Nesta
45%
87 Wales Ian Rush
45%
89 Brasilien Socrates
45%
91 Italien Roberto Baggio
44%
90 England Bobby Moore
43%
88 Frankreich Laurent Blanc
42%
92 Deutschland Nadine Angerer
42%
89 Brasilien Jairzinho
41%
88 Argentinien Juan Roman Riquelme
41%
88 Niederlande Robin van Persie
41%
88 Niederlande Ronald Koeman
41%
90 Italien Alessandro Del Piero
40%
86 Italien Gennaro Gattuso
40%
86 Italien Gianluca Zambrotta
40%
87 Spanien Xabi Alonso
40%
86 Argentinien Hernan Crespo
39%
88 England Paul Scholes
39%
88 Spanien Fernando Hierro
38%
86 England Ashley Cole
37%
89 Spanien Emilio Butragueno
37%
88 Frankreich Marcel Desailly
37%
89 Niederlande Ruud van Nistelrooy
36%
90 Niederlande Dennis Bergkamp
35%
88 Frankreich Patrick Vieira
35%
90 Spanien Raul
34%
87 Niederlande Frank Rijkaard
33%
87 Niederlande Patrick Kluivert
33%
89 England Alan Shearer
32%
87 Frankreich Emmanuel Petit
32%
88 Frankreich Lilian Thuram
32%
88 England Michael Owen
32%
86 England Sol Campbell
32%
87 Frankreich Claude Makelele
31%
87 Italien Gianfranco Zola
30%
89 England Gary Lineker
29%
87 Frankreich Robert Pires
28%
90 Frankreich Camille Abily
25%
87 England John Barnes
25%
89 Frankreich Eric Cantona
23%
89 England Kelly Smith
23%
87 England Ian Wright
22%
90 Schweden Lotta Schelin
21%
90 USA Julie Foudy
19%
90 Japan Aya Miyama
17%
88 Frankreich Marinette Pichon
15%
Keine übereinstimmenden Quizze gefunden
Verteilung der Resultate
Anzahl Personen mit jedem Resultat
Perzentil nach korrekt beantworteten Fragen
Ihre Resultats-Entwicklung
Sie haben dieses Quiz noch nicht gespielt